[Event "Barcelona Sant Marti op-B 23rd"]
[Site "Barcelona"]
[Date "2023.07.19"]
[Round "7"]
[White "Fernandez Egea, Andres"]
[Black "Tortosa Moros, Joan"]
[Result "1-0"]
[WhiteElo "1827"]
[BlackElo "1635"]
[PlyCount "79"]
[EventDate "2023.07.13"]
[EventType "swiss"]
[EventRounds "9"]
[EventCountry "ESP"]
[SourceTitle "CBM 215 Extra"]
[Source "ChessBase"]
[SourceDate "2023.09.30"]
[SourceVersion "1"]
[SourceVersionDate "2023.09.30"]
[SourceQuality "1"]

1. e4 c5 2. d4 cxd4 3. c3 dxc3 4. Nxc3 Nc6 5. Bc4 e6 6. Nf3 a6 7. Bb3 Bb4 8. 0-0 Bxc3 9. bxc3 Nge7 10. Qd6 0-0 11. Bg5 f6 12. Be3 Ng6 13. Rad1 Qe7 14. Qc7 Kh8 15. Nd4 Nxd4 16. Bxd4 d6 17. Bb6 Qxc7 18. Bxc7 Nf4 19. Rfe1 e5 20. Rxd6 Bg4 21. f3 Bh5 22. Rb6 Ra7 23. Re3 Rc8 24. Rd6 h6 25. Bb6 Raa8 26. g3 Nh3+ 27. Kg2 Ng5 28. Bd5 Nf7 29. Rd7 Nd8 30. Re7 Rab8 31. Bc7 Ra8 32. Bxd8 Rxd8 33. Rxb7 Rab8 34. c4 Rxb7 35. Bxb7 Rd2+ 36. Kh3 Rxa2 37. Rc3 a5 38. c5 Bf7 39. Bd5 Be8 40. Bxa2 1-0

[Event "Barcelona Sant Marti op-B 23rd"]
[Site "Barcelona"]
[Date "2023.07.13"]
[Round "1"]
[White "Fernandez Egea, Andres"]
[Black "Porta Chicote, David"]
[Result "1/2-1/2"]
[WhiteElo "1827"]
[BlackElo "1496"]
[PlyCount "73"]
[EventDate "2023.07.13"]
[EventType "swiss"]
[EventRounds "9"]
[EventCountry "ESP"]
[SourceTitle "CBM 215 Extra"]
[Source "ChessBase"]
[SourceDate "2023.09.30"]
[SourceVersion "1"]
[SourceVersionDate "2023.09.30"]
[SourceQuality "1"]

1. c4 c5 2. Nc3 Nc6 3. g3 Nf6 4. Bg2 e6 5. e4 d6 6. Nge2 Be7 7. 0-0 0-0 8. f4 Bd7 9. a3 a6 10. Rb1 Qc7 11. b3 Nd4 12. d3 Bc6 13. h3 b5 14. Be3 Nxe2+ 15. Qxe2 Rfd8 16. f5 Qd7 17. Bc1 Rab8 18. g4 bxc4 19. dxc4 h6 20. h4 Nh7 21. Qf2 Bf6 22. Qg3 Qe7 23. Bf4 Bxh4 24. Qe3 Bg5 25. Ne2 Bxf4 26. Nxf4 Qg5 27. Qg3 exf5 28. exf5 Bxg2 29. Nxg2 Nf6 30. Qd3 Nxg4 31. Rf4 Qh5 32. Qg3 Ne5 33. Ne3 Kh8 34. Nd5 Qg5 35. Qxg5 hxg5 36. Rf2 Kg8 37. f6 1/2-1/2

[Event "Barcelona Sant Marti op-B 22nd"]
[Site "Barcelona"]
[Date "2022.07.17"]
[Round "5"]
[White "Fernandez Egea, Andres"]
[Black "Ritter Aguilar, Jordi"]
[Result "1-0"]
[WhiteElo "1830"]
[BlackElo "1676"]
[PlyCount "41"]
[EventDate "2022.07.13"]
[EventType "swiss"]
[EventRounds "9"]
[EventCountry "ESP"]
[SourceTitle "CBM 210 Extra"]
[Source "ChessBase"]
[SourceDate "2022.11.30"]
[SourceVersion "1"]
[SourceVersionDate "2022.11.30"]
[SourceQuality "1"]

1. e4 e5 2. Nf3 Nc6 3. Bc4 Nf6 4. d3 Bc5 5. c3 Bb6 6. b4 d6 7. a4 a6 8. Be3 0-0 9. 0-0 h6 10. Ba2 Qe7 11. Nbd2 Be6 12. Bxb6 cxb6 13. Nc4 Bxc4 14. Bxc4 g6 15. g3 Rac8 16. Qd2 Kg7 17. Ne1 Nd8 18. Ng2 Ne6 19. f4 Nxe4 20. dxe4 Rxc4 21. f5 1-0

[Event "Rhein Main op-B 24th"]
[Site "Bad Homburg"]
[Date "2022.06.16"]
[Round "3"]
[White "Fernandez Egea, Andres"]
[Black "Nichols, Uwe"]
[Result "1/2-1/2"]
[WhiteElo "1844"]
[BlackElo "1670"]
[PlyCount "109"]
[EventDate "2022.06.15"]
[EventType "swiss"]
[EventRounds "7"]
[EventCountry "GER"]
[SourceTitle "EXT 2023"]
[Source "ChessBase"]
[SourceDate "2022.10.05"]
[SourceVersion "1"]
[SourceVersionDate "2022.10.05"]
[SourceQuality "1"]

1. e4 c5 2. c3 d6 3. d4 cxd4 4. cxd4 g6 5. Bc4 e6 6. Nf3 Bg7 7. 0-0 Ne7 8. Nc3 0-0 9. Qe2 a6 10. Bg5 h6 11. Bh4 b5 12. Bb3 Bb7 13. Rfd1 Nd7 14. Rac1 g5 15. Bg3 Nb6 16. e5 Bxf3 17. gxf3 d5 18. Bc2 Ng6 19. Bb1 Nc8 20. Qe3 Nce7 21. f4 gxf4 22. Bxf4 Kh7 23. Bg3 Qd7 24. h4 Nf5 25. Qf3 Nge7 26. Ne2 Rac8 27. Bf4 Kh8 28. Qh5 Rxc1 29. Bxc1 Qe8 30. Ng3 Nxg3 31. fxg3 f5 32. Qf3 Qg6 33. Bf4 Qg4 34. Kg2 Rc8 35. Rd3 Ng6 36. Qxg4 fxg4 37. Be3 Ne7 38. Rc3 Rxc3 39. bxc3 Bf8 40. Kf2 Kg7 41. Bc1 Nc6 42. Ke3 h5 43. Kd3 Be7 44. Bf4 Kf7 45. Bc2 Ba3 46. Bd1 Ne7 47. Kc2 Ng6 48. Be3 Bf8 49. Kb3 Ne7 50. Bc2 Nc6 51. Bd3 Na5+ 52. Kc2 Nc4 53. Bg5 Ba3 54. Kb3 Bf8 55. Kc2 1/2-1/2

[Event "Barcelona Ciutat op-B"]
[Site "Barcelona"]
[Date "2021.08.26"]
[Round "9"]
[White "Fernandez Egea, Andres"]
[Black "Mangues Rubia, Alex"]
[Result "1-0"]
[WhiteElo "1828"]
[BlackElo "1789"]
[PlyCount "167"]
[EventDate "2021.08.18"]
[EventType "swiss"]
[EventRounds "9"]
[EventCountry "ESP"]
[SourceTitle "EXT 2022"]
[Source "ChessBase"]
[SourceDate "2021.10.06"]
[SourceVersion "1"]
[SourceVersionDate "2021.10.06"]
[SourceQuality "1"]

1. e4 c5 2. c3 Nf6 3. e5 Nd5 4. Na3 Nc6 5. Nf3 a6 6. Be2 d6 7. exd6 Qxd6 8. Nc4 Qc7 9. d4 cxd4 10. Nxd4 e6 11. 0-0 Be7 12. Nxc6 Qxc6 13. Ne5 Qc7 14. Re1 0-0 15. Bd3 Bf6 16. Ng4 Be7 17. Bc2 Rd8 18. Qf3 Nf6 19. Bf4 Qc4 20. b3 Qc5 21. b4 Qc4 22. Ne5 Qb5 23. Rad1 Bd7 24. a3 Bc6 25. Nxc6 Qxc6 26. Qxc6 bxc6 27. Ba4 Nd5 28. Be5 Rac8 29. c4 Nb6 30. Bb3 Rxd1 31. Rxd1 c5 32. Bd6 Kf8 33. bxc5 Nd7 34. c6 Rxc6 35. Bb4 Bxb4 36. axb4 Ne5 37. Rd4 Ke7 38. f4 Ng4 39. Ba4 Rc7 40. c5 Nf6 41. Kf2 Nd5 42. Bb3 a5 43. Bxd5 exd5 44. bxa5 Rxc5 45. Ra4 Rc7 46. a6 Ra7 47. Ke3 Kd6 48. Kd4 f6 49. g4 h6 50. h4 Kc6 51. g5 hxg5 52. hxg5 Kd6 53. Ra5 Kc6 54. gxf6 gxf6 55. Rc5+ Kb6 56. Rxd5 Kxa6 57. Rd6+ Kb5 58. Ke4 Kc5 59. Rxf6 Re7+ 60. Kf5 Kd5 61. Kg6 Re1 62. Rf8 Kd6 63. f5 Ke7 64. Rf7+ Ke8 65. Kf6 Rg1 66. Rg7 Re1 67. Rg8+ Kd7 68. Rg4 Rf1 69. Re4 Rg1 70. Kf7 Rg5 71. Rd4+ Kc7 72. f6 Rg1 73. Ke6 Re1+ 74. Kf5 Rf1+ 75. Kg6 Rg1+ 76. Kf7 Rg2 77. Kf8 Rg1 78. f7 Kc6 79. Ke7 Re1+ 80. Kf6 Rf1+ 81. Ke6 Kc7 82. Rd5 Re1+ 83. Kf6 Kc6 84. Rf5 1-0

[Event "Rhein Main op-B 22nd"]
[Site "Bad Homburg"]
[Date "2019.06.20"]
[Round "3"]
[White "Fernandez Egea, Andres"]
[Black "Gerber, Ingo"]
[Result "1-0"]
[WhiteElo "1853"]
[BlackElo "1530"]
[PlyCount "107"]
[EventDate "2019.06.19"]
[EventType "swiss"]
[EventRounds "7"]
[EventCountry "GER"]
[SourceTitle "EXT 2020"]
[Source "ChessBase"]
[SourceDate "2019.10.17"]
[SourceVersion "1"]
[SourceVersionDate "2019.10.17"]
[SourceQuality "1"]

1. d4 Nf6 2. Bf4 e6 3. e3 d5 4. Bd3 c5 5. c3 c4 6. Bc2 Bd6 7. Bg5 h6 8. Bh4 Nc6 9. f4 Be7 10. Nd2 b5 11. Ngf3 Ng4 12. Bxe7 Qxe7 13. Qe2 f5 14. Ne5 Ngxe5 15. fxe5 Bd7 16. 0-0 0-0 17. a3 a5 18. Nf3 Be8 19. Qf2 Bh5 20. Bd1 Bxf3 21. Bxf3 g6 22. Qg3 Qg5 23. Qxg5 hxg5 24. g4 Kg7 25. Kg2 Ne7 26. h3 Rh8 27. a4 bxa4 28. Rxa4 Rhb8 29. Rb1 Nc6 30. Kg3 Rb5 31. Bd1 Rb6 32. h4 gxh4+ 33. Kxh4 Rh8+ 34. Kg3 Rh1 35. Raa1 Re1 36. Kf4 Rf1+ 37. Kg3 Re1 38. Kf2 Rh1 39. Ba4 Rxb1 40. Rxb1 Ne7 41. g5 Nc8 42. Ke2 Na7 43. Kd2 Nb5 44. b4 Nc7 45. Kc2 Nb5 46. Ra1 axb4 47. cxb4 Nc7 48. Bd7 Rb7 49. Kc3 Kf7 50. Ra5 Ke7 51. Bc6 Rb6 52. b5 Kd8 53. Kb4 Kc8 54. Kc5 1-0